Operating systems (Record no. 194529)

MARC details
000 -LEADER
fixed length control field 00399nam a2200157Ia 4500
005 - DATE AND TIME OF LATEST TRANSACTION
control field 20250409081853.0
008 - FIXED-LENGTH DATA ELEMENTS--GENERAL INFORMATION
fixed length control field 231217s9999 xx 000 0 und d
020 ## - INTERNATIONAL STANDARD BOOK NUMBER
International Standard Book Number 9788131501764
082 ## - DEWEY DECIMAL CLASSIFICATION NUMBER
Classification number 001.642 FLY;2
100 ## - MAIN ENTRY--PERSONAL NAME
Personal name Flynn, Ida M. McHoes, Ann McIver.
245 #0 - TITLE STATEMENT
Title Operating systems
260 ## - PUBLICATION, DISTRIBUTION, ETC. (IMPRINT)
Date of publication, distribution, etc. 2006
Name of publisher, distributor, etc. Cengage Learning
Place of publication, distribution, etc. New Delhi
300 ## - PHYSICAL DESCRIPTION
Extent 421
650 ## - SUBJECT ADDED ENTRY--TOPICAL TERM
Topical term or geographic name as entry element Operating
942 ## - ADDED ENTRY ELEMENTS (KOHA)
Koha item type Books
Holdings
Date last seen Total Checkouts Full call number Accession number Old discount Price effective from Category Public note Lost status Damaged status Department Withdrawn status bill date Permanent Location Current Location Shelving location Entry date Grants Currency symbol Conversion rate Discount Discount type
26/01/2024   001.642 FLY;2 84941   26/01/2024 Books Donated By Dr.C V Srikrishna     MCA   14/08/2019 Central Library Central Library MCA 16/03/2013 DONATED RS 1   Rupees

© For any Suggestions or Query, please contact the library staff @ librarian@pes.edu or Phone: +9180 2672 1983/ 2108.